<?xml version="1.0" encoding="UTF-8"?>
<collection xmlns="http://www.loc.gov/MARC21/slim">
 <record>
  <leader>     na                 </leader>
  <controlfield tag="001">INLIS000000000014925</controlfield>
  <controlfield tag="005">20251030104358</controlfield>
  <datafield tag="035" ind1=" " ind2=" ">
   <subfield code="a">0010-1025000065</subfield>
  </datafield>
  <datafield tag="245" ind1="1" ind2=" ">
   <subfield code="a">Model perencanaan vegetasi hutan kota /</subfield>
   <subfield code="c">I. Khambali, S.T., MPPM.</subfield>
  </datafield>
  <datafield tag="100" ind1="0" ind2=" ">
   <subfield code="a">Khambali, I.</subfield>
  </datafield>
  <datafield tag="300" ind1=" " ind2=" ">
   <subfield code="a">xviii, 350 hlm.; 23 cm.</subfield>
  </datafield>
  <datafield tag="700" ind1="0" ind2=" ">
   <subfield code="a">Erang Risanto (editor)</subfield>
  </datafield>
  <datafield tag="260" ind1=" " ind2=" ">
   <subfield code="a">Yogyakarta :</subfield>
   <subfield code="b">Andi,</subfield>
   <subfield code="c">2017</subfield>
  </datafield>
  <datafield tag="082" ind1=" " ind2=" ">
   <subfield code="a">333.75</subfield>
  </datafield>
  <datafield tag="084" ind1=" " ind2=" ">
   <subfield code="a">333.75 KHA m</subfield>
  </datafield>
  <datafield tag="020" ind1=" " ind2=" ">
   <subfield code="a">978-979-29-6334-2</subfield>
  </datafield>
  <datafield tag="650" ind1=" " ind2=" ">
   <subfield code="a">Hutan - Manajemen</subfield>
  </datafield>
  <datafield tag="650" ind1=" " ind2=" ">
   <subfield code="a">Hutan kota</subfield>
  </datafield>
  <datafield tag="520" ind1=" " ind2=" ">
   <subfield code="a">Pada masa sekarang, pembangunan tumbuh begitu cepat. Lahan-lahan kosong dengan cepat disulap menjadi gedung bertingkat atau menjadi kawasan industri. Dari segi pertumbuhan ekonomi, mungkin hal ini baik, namun dari segi kesehatan lingkungan, hal ini memiliki dampak yang negatif. Seperti kita ketahui bersama, lahan hijau merupakan wadah untuk mengolah udara kotor menjadi udara positif yang berguna untuk tubuh, untuk kehidupan. Masalah yang terjadi adalah saat ini lahan kosong terbuka hijau semakin berkurang, sementara untuk membuka kembali lahan terbuka hijau, sangat sulit dilakukan. Oleh karena itu, solusi yang bisa dilakukan adalah merubah &quot;wajah&quot; kota menjadi lebih hijau dan sehat. &#13;
&#13;
Buku Model Perencanaan Vegetasi Hutan Kota ini hadir untuk membantu mahasiswa, dosen, atau praktisi untuk memahami perencanaan yang digunakan dalam pengembangan hutan kota agar lebih produktif dalam peranannya sebagai paru-paru kota. Buku ini mencoba memadukan berbagai pemikiran dari para ahli teori, praktisi, dan peneliti di bidang ilmu lingkungan dan tata kota, serta banyak memberikan contoh-contoh kasus hasil penelitian pada pemanfaatan dan pengembangan hutan kota.</subfield>
  </datafield>
  <controlfield tag="008">251030                d          0 ind  </controlfield>
  <datafield tag="990" ind1=" " ind2=" ">
   <subfield code="a">025.4430/PC/25</subfield>
  </datafield>
  <datafield tag="990" ind1=" " ind2=" ">
   <subfield code="a">025.4431/PC/25</subfield>
  </datafield>
  <datafield tag="990" ind1=" " ind2=" ">
   <subfield code="a">025.4432/PC/25</subfield>
  </datafield>
 </record>
</collection>
